banner-ar

قانون مجلس الامة: الصادر اول رجب 1383 الموافق 17 نوفمبر 1963 / (Record no. 51581)

MARC details
000 -الفاتح
حقل البيانات ثابتة الطول 00622nam a2200181Ia 4500
008 - عناصر البيانات ثابتة الطول - معلومات عامة
حقل البيانات ثابتة الطول 140319s9999 xx 000 0 ara d
040 ## - مصدر الفهرسة
وكالة الفهرسة الأصلية GCL /
وكالة النسخ GCL
082 04 - رقم تصنيف ديوى العشرى
رقم التصنيف 342
رقم المادة م ف
100 1# - المدخل الرئيسى - إسم شخصى
الإسم الشخصى مصلحة الاستعلامات
245 10 - بيان العنوان
العنوان قانون مجلس الامة: الصادر اول رجب 1383 الموافق 17 نوفمبر 1963 /
بيان المسئوليه,etc مصلحة الاستعلامات
300 ## - الوصف المادى
التعداد 15 ص
490 ## - بيان السلسلة
عنوان السلسلة الهيئة العامة للاستعلامات
رقم المجلد/ التعيين التسلسلي 0
650 04 - المدخل الاضافى بالموضوع-مصطلح موضوعى
مصطلح موضوعي القانون
650 04 - المدخل الاضافى بالموضوع-مصطلح موضوعى
مصطلح موضوعي العلوم السياسية
650 04 - المدخل الاضافى بالموضوع-مصطلح موضوعى
مصطلح موضوعي القانون الدستورى
942 ## - عناصر المدخل الإضافي( كوها)
مصدر التصنيف او مخطط الترفيف Dewey Decimal Classification
Koha [default] item type كتاب
Holdings
حالة التراجع حالة الفقد حالة تلف ليس للاعارة المكان المؤقت الموقع الحالى تاريخ الاكتساب اجمالي اﻻعارات رقم الطلب الباركود تاريخ اخر مشاهدة تاريخ تفعيل السعر نوع وعاء كوها
        مكتبة القاهرة الكبرى مكتبة القاهرة الكبرى 03/26/2014   342\م ف 123522 03/26/2014 03/26/2014 كتاب

Powered By

EGPV